000
00349nam a2200157Ia 4500
100
_a
Milenkovic/ Milan
250
_a
2
942
_c
BK
654
_a
Operating System & design
245
_a
Operating Systems Concepts & design
260
_b
Tata Mc Graw hill
_c
1992
082
_a
5.43
_b
MIL
300
_a
755
546
_a
ENGLISH
999
_c
20799
_d
20799